Indo-European Language Family - Statistics

General Stats
  • This quiz has been taken 1,768 times
  • The average score is 6 of 10
Answer Stats
Branch % Correct
Germanic
94%
Italic (Romance)
91%
Balto-Slavic
90%
Hellenic (Greek)
76%
Albanian
63%
Celtic
62%
Indo-Iranian
60%
Armenian
54%
Anatolian†
23%
Tocharian†
20%
No matching quizzes found
Score Distribution
Percent of People with Each Score
Percentile by Number Answered
Your Score History
You have not taken this quiz